000 00700 a2200229 4500
999 _c196542
_d196542
005 20230714152129.0
010 _aENG-137400
020 _a9789395820004
_c244.00
035 _aEN-120932
037 _bDBAD/Pub
082 1 4 _a305.42
100 _aBala, A. Usha
245 1 _aGender Sensitization
_cA. Usha Bala et al
250 _aFirst edition.
260 _aHyderabad
_bSpectrum Educational Books
_c2022
270 _a7-1-277/242. 1st floor, near B K Guda Park, S R Nagar
_bHyderabad
_e500 038
300 _axiv, 162p.;
_c25cm(pbk)
700 _aRao, G. Nageswara
700 _aShakeel, Shaik
700 _aSreekanth, K.
942 _cEN
_2ddc
_h305.42
_mBAL
_eFirst edition